000 00591nam a22001937a 4500
999 _c143348
_d143348
005 20230529143339.0
010 _aENG-119765
020 _c160.00
_a9788180642142
035 _aEN-103297
037 _bDBAD/PUB
082 _a121
100 _aBagchi, Nandita
245 _aBeyond patriarchy :
_cby Nandita Bagchi
_ba critique of western mainstream epistemology /
260 _aKolkata
_bProgressive Publishers
_c2012
270 _bKolkata
_a37A, College Street
_e73
300 _a192p.
_c22cm(Hb)
500 _aIncludes bibligraphical references and index
942 _cEN
_h121
_mBAG
_2lcc